Fire statistics monitor (Record no. 110978)
[ view plain ]
| 000 -LEADER | |
|---|---|
| fixed length control field | 01116cad a22002295a 4500 |
| 001 - CONTROL NUMBER | |
| control field | L150777 |
| 008 - FIXED-LENGTH DATA ELEMENTS--GENERAL INFORMATION | |
| fixed length control field | 100902s2010 xxk f 000 0 eng d |
| 020 ## - INTERNATIONAL STANDARD BOOK NUMBER | |
| International Standard Book Number | 9781409824542 |
| 035 ## - SYSTEM CONTROL NUMBER | |
| System control number | (Sirsi) u150777 |
| 041 0# - LANGUAGE CODE | |
| Language code of text/sound track or separate title | eng |
| 050 04 - LIBRARY OF CONGRESS CALL NUMBER | |
| Classification number | 694.01 $2 18 |
| 110 2# - MAIN ENTRY--CORPORATE NAME | |
| Corporate name or jurisdiction name as entry element | United Kingdom |
| Subordinate unit | Department for Communities and Local Government |
| 9 (RLIN) | 4939 |
| 245 00 - TITLE STATEMENT | |
| Title | Fire statistics monitor |
| Remainder of title | April 2009 to March 2010 |
| Medium | [electronic resource] |
| 260 ## - PUBLICATION, DISTRIBUTION, ETC. | |
| Place of publication, distribution, etc. | London |
| Name of publisher, distributor, etc. | Department for Communities and Local Government |
| Date of publication, distribution, etc. | 2010 |
| 490 #0 - SERIES STATEMENT | |
| Series statement | Fire Statistics Monitor |
| Volume/sequential designation | (03/10) |
| 520 ## - SUMMARY, ETC. | |
| Summary, etc. | Analysis of data for England for April 2009 to March 2010, the first twelve months under the new Incident Recording System (IRS); data includes fatalities and non-fatal casualties, fires, false alarms and non-fire incidents, analysis of fires in buildings of timber frame construction. |
| 590 ## - LOCAL NOTE (RLIN) | |
| Local note | KA NTK |
| 651 #4 - SUBJECT ADDED ENTRY--GEOGRAPHIC NAME | |
| Geographic name | England |
| Chronological subdivision | 886- |
| 690 ## - LOCAL SUBJECT ADDED ENTRY--TOPICAL TERM (OCLC, RLIN) | |
| Topical term or geographic name as entry element | MANAGEMENT-HEALTH AND SAFETY-FIRE SAFETY |
| 856 40 - ELECTRONIC LOCATION AND ACCESS | |
| Uniform Resource Identifier | <a href="https://www.communities.gov.uk/documents/statistics/pdf/1693248.pdf">https://www.communities.gov.uk/documents/statistics/pdf/1693248.pdf</a> |
| Public note | View the website free of charge at www.communities.gov.uk |
| 942 ## - ADDED ENTRY ELEMENTS (KOHA) | |
| Suppress in OPAC | 0 |
| Withdrawn status | Lost status | Source of classification or shelving scheme | Damaged status | Not for loan | Home library | Current library | Shelving location | Date acquired | Total Checkouts | Full call number | Barcode | Date last seen | Copy number | Price effective from | Koha item type |
|---|---|---|---|---|---|---|---|---|---|---|---|---|---|---|---|
| Dewey Decimal Classification | Virtual | Virtual | Online | 02/09/2010 | ONLINE PUBLICATION | 150777-1001 | 06/08/2019 | 1 | 06/08/2019 | Book |